Handbook of Measures for International Entrepreneurship Research: Multi-Item Scales Crossing Disciplines and Contexts (Record no. 43404)
[ view plain ]
| 000 -LEADER | |
|---|---|
| fixed length control field | 00603nam a22001817a 4500 |
| 005 - DATE AND TIME OF LATEST TRANSACTION | |
| control field | 20250423171055.0 |
| 008 - FIXED-LENGTH DATA ELEMENTS--GENERAL INFORMATION | |
| fixed length control field | 250326b |||||||| |||| 00| 0 eng d |
| 020 ## - INTERNATIONAL STANDARD BOOK NUMBER | |
| International Standard Book Number | 9781788115261 |
| 041 ## - LANGUAGE CODE | |
| Language code of text/sound track or separate title | Eng. |
| 082 ## - DEWEY DECIMAL CLASSIFICATION NUMBER | |
| Classification number | 658.4210 COV |
| 100 ## - MAIN ENTRY--PERSONAL NAME | |
| Author | Coviello, Nicole |
| 245 ## - TITLE STATEMENT | |
| Title | Handbook of Measures for International Entrepreneurship Research: Multi-Item Scales Crossing Disciplines and Contexts |
| 260 ## - PUBLICATION, DISTRIBUTION, ETC. | |
| Place | UK |
| Publisher | Edward Elgar Publishing |
| Publication Year | 2016 |
| 300 ## - PHYSICAL DESCRIPTION | |
| Extent | 636;. P. 23 cm |
| 650 ## - SUBJECT ADDED ENTRY--TOPICAL TERM | |
| Subject | Entrepreneurship-Research-Methodology; Scaling (Social sciences) |
| 700 ## - ADDED ENTRY--PERSONAL NAME | |
| Co-Author | Yli Renko, Helena |
| 942 ## - ADDED ENTRY ELEMENTS (KOHA) | |
| Koha item type | Books |
| Withdrawn status | Lost status | Source of classification or shelving scheme | Damaged status | Not for loan | Home library | Current library | Shelving location | Accession Date | Vendor | Price | Bill number | Full call number | Barcode No | Date last seen | Discount | Bill Date | Koha item type | Suggested By |
|---|---|---|---|---|---|---|---|---|---|---|---|---|---|---|---|---|---|---|
| Dewey Decimal Classification | IMTN | IMTN | Rack 32-A | 03/19/2025 | Raghav Books Private Limited | 6115.94 | 2374 | 658.421 COV | 33695 | 03/26/2025 | 33 | 02/14/2025 | Books | Dr. Shanthi Perumal |